000 00402nam a2200157Ia 4500
003 GCL
008 140319s9999 xx 000 0 eng d
040 _aGCL /
_cGCL
082 0 4 _a688.8
_bL P
100 1 _aLEVY, GEOFFREY M
245 1 0 _aPACKAGING IN THE ENIVIRNOMENT /
_cLEVY, GEOFFREY M
260 _a[S.N] :
_bCHAPMAN & HALL ،
_c1993
300 _a273 P
650 0 4 _aPACKAGING
942 _2ddc
_cBK
999 _c17065
_d17065